00603nam a2200121Ia 4500008004100000100005900041245019300100260002700293650002000320856004900340999001900389952007300408171212s9999 xx 000 0 und d aBaird, Matthew D.;Baird, Michelle K.;Vesely, Joseph V. cBaird, Matthew D.;Baird, Michelle K.;Vesely, Joseph V.aAccess to Dental Providers in PennsylvaniabExploration of the County-Level Distribution of Dental Providers and Populations in 2013 bRAND Corporationc2016 aHealth Sciences uhttp://jstor.org/stable/10.7249/j.ctt19w73pc c351671d351671 001040aCLbCLd2017-12-12l0r2017-12-12 00:00:00w2017-12-12yCBE